SHARIRA RACHNA PUSTIKA (Record no. 8272)

MARC details
000 -LEADER
fixed length control field 00319nam a22001457a 4500
003 - CONTROL NUMBER IDENTIFIER
control field SGT
082 ## - DEWEY DECIMAL CLASSIFICATION NUMBER
Classification number 611
Item number S93S
100 ## - MAIN ENTRY--PERSONAL NAME
Personal name SAINI, GOPAL KRISHNA
245 ## - TITLE STATEMENT
Title SHARIRA RACHNA PUSTIKA
260 ## - PUBLICATION, DISTRIBUTION, ETC. (IMPRINT)
Place of publication, distribution, etc DELHI
Name of publisher, distributor, etc NATH PUSTAK
Year of Publication 1993
300 ## - PAGE DESCRIPTION
No. of Pages 424
650 ## - SUBJECT ADDED ENTRY--TOPICAL TERM
Topical term or geographic name as entry element RACHNA SHARIRA
653 ## - KEYWORDS--INDEX TERM
Keyword term RACHNA SHARIRA
942 ## - ADDED ENTRY ELEMENTS (KOHA)
Source of classification or shelving scheme Dewey Decimal Classification
Koha item type Books
Holdings
Withdrawn status Lost status Source of classification or shelving scheme Damaged status Not for loan Collection code Home library Current library Shelving location Date acquired Vendor Name Cost, normal purchase price Volume Information (Serial or Books or Non-Book Material) SGTU Bill Number Total Checkouts Full call number Accession No. (Barcode) Date last seen Date last borrowed Bill Date Koha item type Use restrictions
    Dewey Decimal Classification     AYURVEDA SGT FA-FP Library SGT FA-FP Library Text Book 01/03/2016 CHAUKHAMBHA 100.00 3 SGTU CP-B-724 1 611 S93S FA2742 04/07/2016 30/06/2016 16/12/2015 Books  
    Dewey Decimal Classification     AYURVEDA SGT FA-FP Library SGT FA-FP Library Text Book 01/03/2016 CHAUKHAMBHA 100.00 3 SGTU CP-B-724   611 S93S FA2743 01/03/2016   16/12/2015 Books  
    Dewey Decimal Classification     AYURVEDA SGT FA-FP Library SGT FA-FP Library Reference Book 01/03/2016 CHAUKHAMBHA 100.00 3 SGTU CP-B-724 1 611 S93S FA2744 13/04/2016 08/04/2016 16/12/2015 Books Restricted Access
    Dewey Decimal Classification     AYURVEDA SGT FA-FP Library SGT FA-FP Library Text Book 01/03/2016 CHAUKHAMBHA 100.00 3 SGTU CP-B-724   611 S93S FA2745 01/03/2016   16/12/2015 Books  
    Dewey Decimal Classification     AYURVEDA SGT FA-FP Library SGT FA-FP Library Text Book 01/03/2016 CHAUKHAMBHA 100.00 3 SGTU CP-B-724   611 S93S FA2746 01/03/2016   16/12/2015 Books